Medziregionálne rozdiely pri nakladaní s odpadmi v rámci SR
Porovnanie dlhodobého vývoja množstva odpadu vyprodukovaného v regiónoch Slovenska a to konkrétne na západnom, strednom a východnom Slovensku. Vývoj množstva komunálneho, separovaného odpadu a nebezpečného odpadu v regiónoch SR za obdobie rokov 2002 až 2018. Údaje zozbierané z portálu Štatistického...
Enregistré dans:
| Auteur principal: | |
|---|---|
| Autres auteurs: | |
| Format: | Chapitre de livre |
| Langue: | slovaque |
| Sujets: | |
| Tags: |
Pas de tags, Soyez le premier à ajouter un tag!
|
MARC
| LEADER | 00000naa$a2200000$$$4500 | ||
|---|---|---|---|
| 001 | 0267884 | ||
| 005 | 20240502074213.2 | ||
| 041 | 0 | |a slo | |
| 044 | |a SK | ||
| 245 | 1 | 0 | |a Medziregionálne rozdiely pri nakladaní s odpadmi v rámci SR |c Roman Lacko, Pavol Andrejovský |
| 520 | |a Porovnanie dlhodobého vývoja množstva odpadu vyprodukovaného v regiónoch Slovenska a to konkrétne na západnom, strednom a východnom Slovensku. Vývoj množstva komunálneho, separovaného odpadu a nebezpečného odpadu v regiónoch SR za obdobie rokov 2002 až 2018. Údaje zozbierané z portálu Štatistického úradu SR. | ||
| 610 | 2 | 0 | |a odpad |
| 610 | 2 | 0 | |a odpad komunálny |
| 610 | 2 | 0 | |a rozdiely regionálne |
| 610 | 2 | 0 | |a porovnanie štatistické |
| 610 | 2 | 0 | |a hospodárstvo odpadové |
| 610 | 2 | 0 | |a Slovensko |
| 100 | 1 | |a Lacko, Roman, 1988- | |
| 700 | 1 | |a Andrejovský, Pavol, 1975- | |